000 00591nam a22001457a 4500
020 _a978-0-143-42708-7
082 _a823
_bAUS/E
100 _aAUSTEN, JANE
245 _aEMMA
260 _aGURGAON
_bPENGUINJ RANDOM HOUSE INDIA
_c2016
300 _a423
520 _aEmma, fourth novel by Jane Austen, published in three volumes in 1815. Set in Highbury, England, in the early 19th century, the novel centres on Emma Woodhouse, a precocious young woman whose misplaced confidence in her matchmaking abilities occasions several romantic misadventures.
650 _aNOVEL
_zINDIA
942 _cBK
999 _c2559
_d2559